000 00686 a2200205 4500
010 _aENG-88524
020 _c520.00
_a9788184500059
035 _aEN-72057
037 _bDBAD / PUB
082 1 4 _a362.2883
090 _c8792
_d8792
245 1 _aFarmers suicide in India:
_cedited by Gyanmudra
_bdynamics and strategies of prevention/
260 _aNew Delhi
_bDeep & Deep Publications
_c2007
270 _aF-159, Rajouri Garden
_bNew Delhi
_e110 027
300 _axiv, 170p.
_c22cm (Hb)
500 _aIncludes index
700 _aGyanmudra
942 _adpl
_cEN
_k362.2883 / FAR
999 _c8632
_d8632